LIBRARY & INFORMATION CENTRE, KCAET, TAVANUR

ONLINE PUBLIC ACCESS CATALOGUE (OPAC)

Shop theory / (Record no. 8904)

MARC details
000 -LEADER
fixed length control field 00436cam a2200169ua 4500
003 - CONTROL NUMBER IDENTIFIER
control field OSt
008 - FIXED-LENGTH DATA ELEMENTS--GENERAL INFORMATION
fixed length control field 250315b |||||||| |||| 00| 0 eng d
020 ## - INTERNATIONAL STANDARD BOOK NUMBER
ISBN 9780070992108
082 ## - DEWEY DECIMAL CLASSIFICATION NUMBER
Classification number 621.901
Item number AND/SH
100 ## - MAIN ENTRY--AUTHOR NAME
Personal name Anderson, James .
245 ## - TITLE STATEMENT
Title Shop theory /
250 ## - EDITION STATEMENT
Edition statement 6 /
260 ## - PUBLICATION, DISTRIBUTION, ETC. (IMPRINT)
Place of publication New Delhi :
Name of publisher Tata Mc-Graw Hill Publishing Company ,
Year of publication 1985.
300 ## - PHYSICAL DESCRIPTION
Number of Pages 568 ; .
700 1# - ADDED ENTRY--PERSONAL NAME
Personal name Tatro, Earl E .
942 ## - ADDED ENTRY ELEMENTS (KOHA)
Koha item type Books
Holdings
Withdrawn status Lost status Damaged status Home library Current library Date acquired Full call number Accession Number Koha item type Collection code Shelving location Source of acquisition Cost, normal purchase price
      KAUAET KAUAET 07/04/2012 621.901 AND/SH 15709 Books        
      KAUAET KAUAET 07/04/2012 621.901 AND/SH 21138 Books        
      KAUAET KAUAET 31/03/2012 621.901 AND/SH 22468 Books Non-fiction General Stacks Current Books, Thrissur 385.00
free website counter